[Event "EST ch U14 2019"]
[Site "Tallinn"]
[Date "2019.04.20"]
[Round "4.11"]
[White "Olde, Karl Erik"]
[Black "Köösel, Hans-Georg"]
[Result "0-1"]
[WhiteElo "1864"]
[BlackElo "1515"]
[Annotator "Dell"]
[PlyCount "76"]
[EventDate "2019.04.18"]
[EventType "swiss"]
[EventRounds "4"]
[EventCountry "EST"]

1. d4 d5 2. c4 c6 3. Nf3 Nf6 4. e3 g6 5. Bd3 Bg7 6. Nbd2 O-O 7. O-O Re8 8. Ne5
Nbd7 9. f4 e6 10. Ndf3 dxc4 11. Bxc4 Nb6 12. Bb3 Nbd5 13. h3 Qc7 14. g4 b6 15.
Bc2 Bb7 16. f5 Rad8 17. fxg6 hxg6 18. Nh2 Re7 19. a3 c5 {Pisike pärnakas on
oma vigurid seadnud väga kenasti ja alustab oma tunduvalt vanema vastase
vastu vasturünnakut.} 20. g5 $2 Nd7 $19 21. Nhg4 Nxe5 22. Nxe5 Bxe5 23. dxe5
Nxe3 24. Qe2 Nxf1 25. Kxf1 Qc6 26. Be3 Qh1+ 27. Bg1 Qxh3+ 28. Ke1 Qg3+ 29. Bf2
Qxg5 30. b4 Red7 31. bxc5 Rd2 32. Qc4 Qxe5+ 33. Kf1 Qxa1+ 34. Be1 Bg2+ 35. Kg1
Qxe1+ 36. Kh2 Bf1+ 37. Qe2 Rxe2+ 38. Kg1 Bh3# 0-1

[Event "EST ch U14 2019"]
[Site "Tallinn"]
[Date "2019.04.20"]
[Round "4.12"]
[White "Rychagov, Anton"]
[Black "Krivenko, Dion"]
[Result "1/2-1/2"]
[WhiteElo "1470"]
[BlackElo "1779"]
[PlyCount "119"]
[EventDate "2019.04.18"]
[EventType "swiss"]
[EventRounds "4"]
[EventCountry "EST"]

1. e4 c5 2. Nf3 Nc6 3. d4 cxd4 4. Nxd4 g6 5. c4 Bg7 6. Be3 Nf6 7. Nc3 O-O 8. f3
d6 9. Be2 Bd7 10. Qd2 Rc8 11. O-O Ne8 12. Rac1 Nc7 13. Rfd1 Ne6 14. Nb3 b6 15.
Nb5 a6 16. N5d4 Qc7 17. Kf1 Rfd8 18. Kg1 Ncxd4 19. Nxd4 Nxd4 20. Bxd4 Bxd4+ 21.
Qxd4 Qc5 22. Qxc5 bxc5 23. b3 a5 24. Kf2 f6 25. Ke3 Rb8 26. Rc3 Rb7 27. g3 Rdb8
28. f4 a4 29. Rdd3 axb3 30. Rxb3 Be6 31. Rxb7 Rxb7 32. Rb3 Ra7 33. a3 Ra4 34.
Rc3 Kf7 35. Kd3 f5 36. Bf3 Kf6 37. exf5 gxf5 38. Bc6 Ra7 39. Bb5 Bc8 40. a4 e5
41. fxe5+ dxe5 42. Ke3 Kg5 43. Rc1 Kg4 44. Ra1 Bb7 45. Ra2 f4+ 46. gxf4 exf4+
47. Kf2 Be4 48. Ra3 Rg7 49. a5 Kf5 50. h3 Rg2+ 51. Kf1 f3 52. a6 Kf4 53. a7 Rg8
54. Bd7 Rd8 55. Be6 Ra8 56. Kf2 Ke5 57. Bg4 Kd4 58. Ra4 Kc3 59. Bd7 Rg8 60. Bg4
1/2-1/2

[Event "EST ch U14 2019"]
[Site "Tallinn"]
[Date "2019.04.20"]
[Round "4.13"]
[White "Naestema, Joonas Aditya"]
[Black "Pallum, Rasmus"]
[Result "0-1"]
[WhiteElo "1684"]
[BlackElo "1394"]
[PlyCount "68"]
[EventDate "2019.04.18"]
[EventType "swiss"]
[EventRounds "4"]
[EventCountry "EST"]

1. e4 c6 2. d4 d5 3. exd5 cxd5 4. c4 Nf6 5. Nc3 e6 6. Nf3 Be7 7. Be2 O-O 8. O-O
b6 9. Bf4 Bb7 10. Ne5 dxc4 11. Bxc4 Nc6 12. Nf3 Rc8 13. Bb3 Na5 14. Bc2 Bxf3
15. Qxf3 Qxd4 16. Rfd1 Qc5 17. Be3 Qc6 18. Qh3 Nc4 19. Bg5 g6 20. Rab1 Nxb2 21.
Nd5 Nxd5 22. Bxe7 Nxe7 23. Rxb2 Qc3 24. Qxc3 Rxc3 25. Rd7 Rfc8 26. Bd1 R3c7 27.
Rdd2 Nc6 28. g3 Ne5 29. Rb4 Rc4 30. Rb5 R8c5 31. Rb3 Kg7 32. Re3 Rc3 33. Re4 a5
34. Bb3 Nf3+ 0-1

[Event "EST ch U14 2019"]
[Site "Tallinn"]
[Date "2019.04.20"]
[Round "4.14"]
[White "Kang, Paul"]
[Black "Kull, Tormi"]
[Result "1-0"]
[WhiteElo "1471"]
[BlackElo "1623"]
[PlyCount "55"]
[EventDate "2019.04.18"]
[EventType "swiss"]
[EventRounds "4"]
[EventCountry "EST"]

1. e4 c5 2. Nf3 d6 3. d4 cxd4 4. Nxd4 Nf6 5. Nc3 a6 6. Be3 e6 7. Qd2 Be7 8. Bd3
b5 9. O-O-O Bb7 10. f3 Nbd7 11. g4 Ne5 12. Rdf1 Rc8 13. h4 Qa5 14. Kb1 b4 15.
Nce2 d5 16. Ng3 Nc4 17. Qe2 Nxe3 18. Qxe3 dxe4 19. Bxe4 Bxe4 20. Nxe4 Nd5 21.
Qd3 O-O 22. f4 Rc4 23. Qxc4 Ne3 24. Qd3 Nxf1 25. Rxf1 Bxh4 26. Rh1 Be7 27. Nf6+
Bxf6 28. Qxh7# 1-0

[Event "EST ch U14 2019"]
[Site "Tallinn"]
[Date "2019.04.20"]
[Round "4.15"]
[White "Narva, Jaan Oskar"]
[Black "Raide, Sivert"]
[Result "1/2-1/2"]
[WhiteElo "1396"]
[BlackElo "1584"]
[PlyCount "118"]
[EventDate "2019.04.18"]
[EventType "swiss"]
[EventRounds "4"]
[EventCountry "EST"]

1. e4 e6 2. d4 d5 3. e5 c5 4. c3 Nc6 5. Be3 Qb6 6. b3 cxd4 7. cxd4 Bb4+ 8. Ke2
Nge7 9. Kf3 Nf5 10. Ne2 Nxe3 11. fxe3 O-O 12. g4 f6 13. exf6 Rxf6+ 14. Kg3 Bd6+
15. Kg2 e5 16. dxe5 Bxe5 17. Qxd5+ Be6 18. Qe4 Bxa1 19. g5 Rg6 20. h4 Rd8 21.
Nf4 Re8 22. Bc4 Be5 23. Nxg6 hxg6 24. Qxg6 Bxc4 25. Qxe8+ Kh7 26. g6+ Kh6 27.
bxc4 Qxe3 28. Qh8+ Kxg6 29. Qe8+ Kh7 30. Qh5+ Kg8 31. Qe8+ Kh7 32. Qh5+ Qh6 33.
Qxh6+ Kxh6 34. Nd2 Nb4 35. a3 Nc2 36. a4 b6 37. Rc1 Nd4 38. Re1 Bf6 39. Re4 Nf5
40. Nf3 Nd6 41. Rf4 a5 42. Nh2 Kh5 43. Kh3 Nb7 44. Rf5+ Kg6 45. Rb5 Bd4 46. Nf3
Bc5 47. Ne5+ Kf5 48. Nd7 Nd6 49. Rxb6 Bxb6 50. Nxb6 Ke6 51. c5 Ne4 52. Nc4 Nxc5
53. Nxa5 Nxa4 54. Kg4 Nc5 55. Nc4 Nd7 56. Ne3 Kf6 57. Nd5+ Kf7 58. h5 Ke6 59.
Ne3 Nf6+ 1/2-1/2

[Event "EST ch U14 2019"]
[Site "Tallinn"]
[Date "2019.04.20"]
[Round "4.16"]
[White "Lazojev, Mark"]
[Black "Aleksejev, Artjom"]
[Result "1-0"]
[WhiteElo "1518"]
[BlackElo "1484"]
[PlyCount "127"]
[EventDate "2019.04.18"]
[EventType "swiss"]
[EventRounds "4"]
[EventCountry "EST"]

1. e4 e5 2. Nf3 Nc6 3. Nc3 f5 4. d3 Nf6 5. g3 Bb4 6. Bd2 d6 7. Bg2 O-O 8. Qe2
fxe4 9. Nxe4 Bxd2+ 10. Qxd2 Nxe4 11. dxe4 Bg4 12. Qe3 Qf6 13. Nd2 Nd4 14. Rc1
Ne2 15. Rb1 Nd4 16. O-O Nxc2 17. Qb3+ Be6 18. Qxc2 Bxa2 19. Ra1 Be6 20. Bf3 c5
21. Bg2 b5 22. f3 a6 23. Ra5 Qg5 24. Re1 Qh6 25. Qd3 Rfd8 26. Rea1 c4 27. Qe2
Bc8 28. Rxb5 axb5 29. Rxa8 Qe6 30. Qf1 Qe7 31. Bh3 Bxh3 32. Rxd8+ Qxd8 33. Qxh3
Qb6+ 34. Kf1 Qa6 35. Qe6+ Kf8 36. Ke2 c3 37. bxc3 b4+ 38. Qc4 Qxc4+ 39. Nxc4
bxc3 40. Kd3 Ke7 41. Kxc3 Ke6 42. Ne3 g5 43. Kc4 h5 44. h4 gxh4 45. gxh4 Kd7
46. Kd5 Ke7 47. Nf5+ Kf7 48. Nxd6+ Kf6 49. Ne8+ Ke7 50. Kxe5 Kxe8 51. Kf5 Kf7
52. Kg5 Kf8 53. Kxh5 Kg7 54. e5 Kf7 55. f4 Kg7 56. f5 Kf7 57. Kg5 Kg7 58. f6+
Kf7 59. h5 Kf8 60. e6 Kg8 61. h6 Kh8 62. Kg6 Kg8 63. e7 Kh8 64. e8=R# 1-0

[Event "EST ch U14 2019"]
[Site "Tallinn"]
[Date "2019.04.20"]
[Round "5.1"]
[White "Andrijashkin, Deniss"]
[Black "Tomson, Mihkel"]
[Result "1-0"]
[WhiteElo "1957"]
[BlackElo "1794"]
[PlyCount "61"]
[EventDate "2019.04.18"]
[EventType "swiss"]
[EventRounds "4"]
[EventCountry "EST"]

1. e4 c5 2. Ne2 d6 3. g3 Nf6 4. Bg2 g6 5. c3 Bg7 6. d4 cxd4 7. cxd4 Nc6 8. Nbc3
O-O 9. O-O Bd7 10. h3 Rc8 11. Be3 Na5 12. b3 b5 13. Qd2 Bc6 14. f3 Nd7 15. Rae1
a6 16. f4 e5 17. d5 Ba8 18. f5 Nb7 19. g4 Qa5 20. g5 b4 21. Na4 Ndc5 22. f6 Bh8
23. Nxc5 Nxc5 24. Rc1 Rc7 25. Rc4 Rb8 26. Rfc1 Rb5 27. Ng3 Rc8 28. Qf2 Bb7 29.
R4c2 Ba8 30. Bf1 Rbb8 31. Bxc5 1-0

[Event "EST ch U14 2019"]
[Site "Tallinn"]
[Date "2019.04.20"]
[Round "5.2"]
[White "Sadekov, Maksim"]
[Black "Protassov, Vlad"]
[Result "1/2-1/2"]
[WhiteElo "1780"]
[BlackElo "2036"]
[PlyCount "62"]
[EventDate "2019.04.18"]
[EventType "swiss"]
[EventRounds "4"]
[EventCountry "EST"]

1. d4 Nf6 2. c4 e6 3. e3 d5 4. Nc3 Be7 5. Nf3 b6 6. Be2 Bb7 7. O-O O-O 8. b3
Nbd7 9. Bb2 c5 10. Rc1 Rc8 11. cxd5 exd5 12. Qc2 cxd4 13. exd4 Ne4 14. Qb1 f5
15. Rc2 a6 16. Rfc1 Bd6 17. Nd1 Rxc2 18. Rxc2 Qe7 19. Qc1 g5 20. Ne5 f4 21.
Nxd7 Qxd7 22. f3 Nf6 23. Bd3 Re8 24. Re2 Rxe2 25. Bxe2 Qe7 26. Qc2 g4 27. Bf1
Qg7 28. Kh1 h5 29. Qf5 Kf7 30. Nf2 Qg6 31. Qxg6+ Kxg6 1/2-1/2

[Event "EST ch U14 2019"]
[Site "Tallinn"]
[Date "2019.04.20"]
[Round "5.3"]
[White "Kokk, Karl Mattias"]
[Black "Nikitin, Arseni"]
[Result "0-1"]
[WhiteElo "1684"]
[BlackElo "1873"]
[PlyCount "96"]
[EventDate "2019.04.18"]
[EventType "swiss"]
[EventRounds "4"]
[EventCountry "EST"]

1. e4 c5 2. Nf3 d6 3. c3 Nf6 4. Be2 Nbd7 5. d3 g6 6. O-O Bg7 7. h3 O-O 8. Be3
a6 9. Qc1 b5 10. Bh6 Bb7 11. Nh4 c4 12. Bxg7 Kxg7 13. Qe3 cxd3 14. Bxd3 Nc5 15.
Nd2 e5 16. Nhf3 Qe7 17. Rae1 Rad8 18. Bb1 Bc8 19. c4 b4 20. Nb3 Nh5 21. Rd1 Nf4
22. Nc1 Be6 23. b3 f6 24. Nd3 Ncxd3 25. Bxd3 g5 26. Rd2 Qd7 27. c5 Qb7 28. Rfd1
dxc5 29. Qxc5 Rxd3 30. Rxd3 Nxd3 31. Rxd3 Qxe4 32. Nxg5 fxg5 33. Qe7+ Bf7 34.
Qxg5+ Bg6 35. Re3 Qf4 36. Qxe5+ Qxe5 37. Rxe5 Rf5 38. Re2 Ra5 39. Rb2 Rc5 40.
Rd2 Rc2 41. Rd4 a5 42. Rd7+ Kf6 43. Rd6+ Ke5 44. Rb6 Rxa2 45. g4 Ra3 46. Rb5+
Kf4 47. Kg2 Be4+ 48. Kg1 Ra1+ 0-1

[Event "EST ch U14 2019"]
[Site "Tallinn"]
[Date "2019.04.20"]
[Round "5.4"]
[White "Rikas, Artur"]
[Black "Pedmanson, Herman"]
[Result "0-1"]
[WhiteElo "1665"]
[BlackElo "1849"]
[Annotator "Dell"]
[PlyCount "40"]
[EventDate "2019.04.18"]
[EventType "swiss"]
[EventRounds "4"]
[EventCountry "EST"]

1. e4 c6 2. d4 d5 3. Nc3 dxe4 4. Nxe4 Nf6 5. Nxf6+ exf6 6. Bc4 Bd6 7. Ne2 O-O
8. Be3 Bf5 9. Ng3 Bg6 10. Bd3 Re8 11. O-O Nd7 12. Nf5 Nf8 13. h4 Bc7 14. c4 $4
{Valge ei märka ohtu.} (14. Qf3) 14... Bxf5 15. Bxf5 Qd6 16. g3 (16. Re1 Qh2+
(16... g6 17. Bh3 Qh2+ 18. Kf1 f5 19. Ke2 Rad8) 17. Kf1 Qh1+ 18. Ke2 Qxg2 19.
Rg1 Rxe3+ 20. Kxe3 Re8+ 21. Kd3 Qxf2) 16... Rxe3 17. c5 Rxg3+ 18. Kh2 Rh3+ 19.
Kxh3 Qh2+ 20. Kg4 Qg2+ 0-1

[Event "EST ch U14 2019"]
[Site "Tallinn"]
[Date "2019.04.20"]
[Round "5.5"]
[White "Rychagov, Nikita"]
[Black "Pedmanson, Albert"]
[Result "0-1"]
[WhiteElo "1792"]
[BlackElo "1956"]
[Annotator "Dell"]
[PlyCount "106"]
[EventDate "2019.04.18"]
[EventType "swiss"]
[EventRounds "4"]
[EventCountry "EST"]

1. e4 c5 2. Nf3 d6 3. d4 cxd4 4. Nxd4 Nf6 5. Nc3 Nc6 6. f3 g6 7. Be3 Bg7 8. Qd2
Bd7 9. O-O-O O-O 10. g4 Rc8 11. Kb1 Ne5 12. h4 h5 13. gxh5 Nxh5 14. Rg1 b5 15.
Bh6 b4 16. Nd5 e6 17. Bxg7 Kxg7 18. Nf4 Qxh4 19. Nxh5+ Qxh5 20. Ba6 Nxf3 21.
Nxf3 Qxf3 22. Bxc8 Rxc8 23. Rh1 Kg8 24. Qh6 (24. Rdf1 Qxe4 25. Qh6 Qe5 (25...
Qxc2+ 26. Ka1) 26. Qh7+ Kf8 27. Qxf7#) 24... Qf6 25. Rdf1 Qg7 26. Qg5 Ba4 27.
Rf2 Bc6 28. Re1 Qd4 29. Qf4 (29. Rxf7 $4 Kxf7 30. Rf1+ Ke8 31. Qxg6+ Kd8 $19)
29... Rc7 30. Rd2 Qc4 31. Rh2 (31. Qh4 $1 Rd7 32. Rh1 Kf8 33. Qf6 $18) 31...
Qd4 32. Qg5 Rd7 33. Rhe2 Kg7 34. Rh1 Kg8 35. Qh6 Qg7 36. Qh4 a5 37. Qf2 Qe5 38.
Qb6 Qb5 39. Qd4 Qe5 40. Qb6 Bb7 41. Qa7 Qc5 42. Qb8+ Qc8 43. Qa7 Bxe4 44. Qd4
Bxh1 45. Rh2 e5 46. Qh4 Kg7 47. Qh6+ Kf6 48. Rxh1 (48. Qh4+ Ke6 49. Qg4+ Ke7
50. Qg5+ Ke6 51. Qg4+ Kd5 52. Rxh1 Kc5 53. c3 Qb7 54. Rc1) 48... Qg8 49. Rf1+
Ke7 50. Qg5+ Kf8 51. Rf6 Qh8 52. b3 Qh5 53. Qg2 Kg7 0-1

[Event "EST ch U14 2019"]
[Site "Tallinn"]
[Date "2019.04.20"]
[Round "5.6"]
[White "Shnurov, Daniil"]
[Black "Mikko, Rondo"]
[Result "1/2-1/2"]
[WhiteElo "1647"]
[BlackElo "1863"]
[Annotator "Dell"]
[PlyCount "86"]
[EventDate "2019.04.18"]
[EventType "swiss"]
[EventRounds "4"]
[EventCountry "EST"]

1. c4 c5 2. Nf3 Nf6 3. Nc3 e6 4. d4 d5 5. e3 Nc6 6. dxc5 Bxc5 7. cxd5 Nxd5 8.
Nxd5 exd5 9. a3 O-O 10. b4 Be7 11. Bb2 Bf6 12. Bxf6 Qxf6 13. Qc1 d4 14. b5 dxe3
15. bxc6 exf2+ 16. Kxf2 bxc6 17. Be2 Re8 18. Re1 Rb8 19. Rb1 Rxb1 20. Qxb1 Qc3
21. Qc1 Qf6 22. Kg1 g6 23. Bc4 Rxe1+ 24. Qxe1 Bd7 25. Qe3 a5 26. h3 Kg7 27. Kh2
Qd6+ 28. g3 f6 29. Nd2 h5 30. h4 a4 31. Ne4 Qe5 32. Qa7 Qxe4 33. Qxd7+ Kh6 34.
Qd2+ (34. Qc8 $18) 34... Kg7 35. Bd3 Qd4 36. Qc2 g5 37. hxg5 fxg5 38. Qe2 Kf6
39. Bc4 Qd6 40. Qf3+ Ke5 41. Qe3+ Kf6 42. Qf3+ (42. Qc3+ $1 Kg6 (42... Kf5 43.
Qd3+ Qxd3 44. Bxd3+ Ke5 45. Bg6 (45. Bc2 Kd4 46. Bxa4 c5 47. Be8) 45... h4 46.
gxh4 gxh4 47. Bc2 Kd4 48. Bxa4 c5 49. Kh3 Kc3 50. Bd1 $1 c4 51. a4 Kd2 52. Bg4
c3 53. Bf5) (42... Ke7 43. Qg7+ Ke8 44. Qg8+ Kd7 45. Qh7+ Kd8 (45... Kc8 46.
Ba6+ Kd8 47. Qd3 $18) 46. Qd3 $18) (42... Qe5 43. Qxe5+ Kxe5 44. Be2 $18) 43.
Qd3+ Qxd3 44. Bxd3+ Kf6 45. Bc2 $18) 42... Ke5 43. Qe3+ Kf6 1/2-1/2

[Event "EST ch U14 2019"]
[Site "Tallinn"]
[Date "2019.04.20"]
[Round "5.7"]
[White "Savinov, Matvei"]
[Black "Snitsarenko, Igor"]
[Result "1/2-1/2"]
[WhiteElo "1834"]
[BlackElo "1748"]
[PlyCount "64"]
[EventDate "2019.04.18"]
[EventType "swiss"]
[EventRounds "4"]
[EventCountry "EST"]

1. Nf3 Nf6 2. g3 g6 3. Bg2 Bg7 4. O-O O-O 5. d3 d5 6. Nbd2 c6 7. e4 dxe4 8.
dxe4 Bg4 9. Qe2 Nbd7 10. h3 Bxf3 11. Nxf3 Qc7 12. e5 Nd5 13. e6 Ne5 14. Nxe5
Qxe5 15. exf7+ Rxf7 16. Qxe5 Bxe5 17. c3 Nb6 18. Re1 Bg7 19. Bf1 e5 20. Be3 Rd7
21. Rad1 Rad8 22. Be2 Rxd1 23. Rxd1 Rxd1+ 24. Bxd1 Kf7 25. a4 Nc8 26. Bg4 Nb6
27. Bxb6 axb6 28. Bc8 Ke7 29. Bxb7 Kd6 30. f3 Bh6 31. Kf2 c5 32. Be4 c4 1/2-1/2

[Event "EST ch U14 2019"]
[Site "Tallinn"]
[Date "2019.04.20"]
[Round "5.8"]
[White "Levchenko, Marina"]
[Black "Nazarov, Vladislav"]
[Result "0-1"]
[WhiteElo "1616"]
[BlackElo "1754"]
[PlyCount "66"]
[EventDate "2019.04.18"]
[EventType "swiss"]
[EventRounds "4"]
[EventCountry "EST"]

1. c4 c5 2. Nf3 Nf6 3. Nc3 d5 4. cxd5 Nxd5 5. e3 Nc7 6. d4 cxd4 7. Nxd4 e5 8.
Nb3 Qxd1+ 9. Kxd1 Nc6 10. e4 Bg4+ 11. f3 O-O-O+ 12. Ke1 Be6 13. Nd2 Nd4 14. Kd1
f6 15. Ne2 Ncb5 16. Nxd4 Nxd4 17. b3 b5 18. Rb1 Bb4 19. Ke1 a6 20. Kf2 Nc2 21.
Ke2 Rd7 22. f4 Bxd2 23. Bxd2 Bg4+ 24. Kf2 Rxd2+ 25. Kg3 Be6 26. f5 Bf7 27. h3
Ne3 28. Re1 Nxf1+ 29. Rhxf1 Rc2 30. Rc1 Rxc1 31. Rxc1+ Kb7 32. Kf2 Rc8 33. Rxc8
Kxc8 0-1

[Event "EST ch U14 2019"]
[Site "Tallinn"]
[Date "2019.04.20"]
[Round "5.9"]
[White "Luik, Ott-Robert"]
[Black "Snitsarenko, Ilja"]
[Result "0-1"]
[WhiteElo "1521"]
[BlackElo "1290"]
[Annotator "Dell"]
[PlyCount "86"]
[EventDate "2019.04.18"]
[EventType "swiss"]
[EventRounds "4"]
[EventCountry "EST"]

1. e4 c5 2. Nf3 e6 3. d4 cxd4 4. Nxd4 a6 5. c4 Nc6 6. Nc3 Nf6 7. Be2 Qc7 8. O-O
Be7 9. Be3 O-O 10. f4 d6 11. f5 e5 12. Nb3 Bd7 13. Nd5 Qd8 14. Bb6 Qc8 15. Nc7
(15. Nxf6+ Bxf6 16. Qxd6) 15... Rb8 16. Nd5 Nxe4 17. Na5 Bg5 18. f6 (18. Bd3 $1
) 18... Bxf6 $2 (18... Re8 $1 19. Nc7 (19. Nxc6 bxc6 20. Ne7+ Rxe7 21. fxe7
Rxb6 $19) 19... Nxa5 20. Bxa5 (20. Nxe8 Bxe8 21. Bxa5 Qc5+ $19) 20... Rd8 21.
fxg7 b6 22. Bd3 Bg4 (22... Bc6 $1 23. Nd5 Bxd5 24. cxd5 Qc5+ 25. Kh1 Nf2+ 26.
Rxf2 Qxf2 27. Bc3 Re8 $17)) 19. Bd3 Bf5 20. Qe2 Nxa5 21. Bxe4 (21. Rxf5 $1 Qxf5
22. Rf1 Qg6 23. Bxe4 Qh6 24. Nxf6+ gxf6 25. Bxa5 $18) 21... Bxe4 22. Qxe4 Qxc4
23. Rae1 Qxe4 24. Rxe4 Bd8 25. b4 Nc6 26. Rg4 Rc8 27. Rf5 Ne7 28. Nf6+ Kh8 29.
Bxd8 Nxf5 30. Rg5 Rcxd8 31. Nxh7 Kxh7 32. Rxf5 d5 33. Rxe5 d4 34. Kf1 Rfe8 35.
Re1 Rxe1+ 36. Kxe1 d3 37. b5 d2+ 38. Kd1 g5 39. b6 a5 40. a4 Kh6 41. h3 f5 42.
h4 gxh4 43. g4 hxg3 0-1

[Event "EST ch U14 2019"]
[Site "Tallinn"]
[Date "2019.04.22"]
[Round "5.10"]
[White "Köösel, Hans-Georg"]
[Black "Lazojev, Mark"]
[Result "1-0"]
[WhiteElo "1515"]
[BlackElo "1518"]
[PlyCount "111"]
[EventDate "2019.04.18"]
[EventType "swiss"]
[EventRounds "4"]
[EventCountry "EST"]

1. e4 e5 2. Nf3 Nc6 3. d4 exd4 4. Nxd4 Nf6 5. Nc3 Bb4 6. Nxc6 Bxc3+ 7. bxc3
bxc6 8. Bd3 O-O 9. O-O h6 10. Be3 Re8 11. Qf3 Qe7 12. Qg3 Nxe4 13. Bxe4 Qxe4
14. Bxh6 Qh7 15. Be3 Qxc2 16. Rfc1 Qe4 17. Bd4 g6 18. Qh3 f6 19. Bxf6 Kf7 20.
Bd4 g5 21. Qh5+ Qg6 22. Qf3+ Kg8 23. Re1 Ba6 24. Qh3 Qh7 25. Qg4 Qg6 26. Qxd7
Rac8 27. Rxe8+ Rxe8 28. Qxc7 Qf7 29. Qxc6 Bb7 30. Qf6 Qh7 31. Qxg5+ Kf8 32.
Bc5+ Kf7 33. Qf4+ Kg8 34. Qc4+ Qf7 35. Qxf7+ Kxf7 36. h4 Rg8 37. g3 Rd8 38. Bd4
Re8 39. Kf1 Ba6+ 40. Kg2 Bb7+ 41. Kh3 Bc8+ 42. g4 Re4 43. f3 Re2 44. h5 Bb7 45.
Kg3 Rd2 46. h6 Kg8 47. g5 Rd3 48. Rf1 Ba6 49. Rf2 Rd1 50. Kf4 Rg1 51. Rb2 Re1
52. Rb8+ Kf7 53. h7 Kg6 54. h8=Q Re6 55. Rg8+ Kf7 56. Qg7# 1-0

[Event "EST ch U14 2019"]
[Site "Tallinn"]
[Date "2019.04.20"]
[Round "5.11"]
[White "Pallum, Rasmus"]
[Black "Kang, Paul"]
[Result "0-1"]
[WhiteElo "1394"]
[BlackElo "1471"]
[PlyCount "54"]
[EventDate "2019.04.18"]
[EventType "swiss"]
[EventRounds "4"]
[EventCountry "EST"]

1. d4 d5 2. Nf3 Nf6 3. e3 e6 4. Bd3 c5 5. b3 Nc6 6. O-O Be7 7. Bb2 O-O 8. Nbd2
b6 9. c4 Bb7 10. Qc2 h6 11. a3 Qc7 12. dxc5 bxc5 13. Rac1 Nd7 14. cxd5 exd5 15.
Bb5 Rac8 16. Ne1 a6 17. Be2 Nce5 18. f4 Ng6 19. Bh5 Qc6 20. Bxg6 fxg6 21. Qxg6
Qxg6 22. Rf3 Bf6 23. Rg3 Qh7 24. Bxf6 Nxf6 25. Nef3 Qd3 26. Ne5 Qxd2 27. Rf1
Ne4 0-1

[Event "EST ch U14 2019"]
[Site "Tallinn"]
[Date "2019.04.20"]
[Round "5.12"]
[White "Krivenko, Dion"]
[Black "Narva, Jaan Oskar"]
[Result "1-0"]
[WhiteElo "1779"]
[BlackElo "1396"]
[PlyCount "65"]
[EventDate "2019.04.18"]
[EventType "swiss"]
[EventRounds "4"]
[EventCountry "EST"]

1. e4 c5 2. Nf3 Nc6 3. Nc3 g6 4. d4 cxd4 5. Nxd4 Bg7 6. Be3 d6 7. Bc4 Nf6 8. h3
Bd7 9. Bb3 a6 10. O-O O-O 11. f4 Qc7 12. g4 Nxd4 13. Bxd4 e5 14. fxe5 dxe5 15.
Be3 Bc6 16. Qf3 Rad8 17. g5 Ne8 18. Qf2 Qe7 19. h4 Kh8 20. Bc5 Nd6 21. Rad1 f6
22. Qd2 fxg5 23. Bxd6 Rxf1+ 24. Kxf1 Qd7 25. Qxg5 Qh3+ 26. Kg1 Ra8 27. Bxe5 Rf8
28. Bxg7+ Kxg7 29. Qe7+ Kh6 30. Qxf8+ Kh5 31. Qf4 Qxh4 32. Qxh4+ Kxh4 33. e5
1-0

[Event "EST ch U14 2019"]
[Site "Tallinn"]
[Date "2019.04.20"]
[Round "5.13"]
[White "Raide, Sivert"]
[Black "Sizov, Lev"]
[Result "1/2-1/2"]
[WhiteElo "1584"]
[BlackElo "1687"]
[PlyCount "121"]
[EventDate "2019.04.18"]
[EventType "swiss"]
[EventRounds "4"]
[EventCountry "EST"]

1. d4 d5 2. c4 e6 3. Nf3 a6 4. cxd5 exd5 5. Nc3 Be6 6. Qb3 b5 7. Ng5 c6 8. Nxe6
fxe6 9. a3 Nd7 10. g3 Bd6 11. Bg2 Qf6 12. e3 Ne7 13. O-O O-O 14. Qc2 h5 15. Qe2
h4 16. Qg4 hxg3 17. fxg3 Qg6 18. Rxf8+ Rxf8 19. Qxg6 Nxg6 20. Bd2 e5 21. Rc1
Nb6 22. Nxb5 axb5 23. Rxc6 Nc8 24. Bxd5+ Kh8 25. dxe5 Nge7 26. exd6 Nxc6 27.
Bxc6 Nxd6 28. Bb4 Rc8 29. Bxd6 Rxc6 30. Be5 Re6 31. Bd4 Rc6 32. Kg2 Kg8 33. h4
g6 34. Kf3 Kh7 35. Kf4 Rc8 36. e4 Rf8+ 37. Ke3 Kh6 38. Be5 Re8 39. Bf4+ Kg7 40.
Kd4 Rc8 41. Kd3 Kf7 42. e5 Ke6 43. b3 Ra8 44. Kc3 Rxa3 45. Kb4 Ra7 46. Kxb5
Rb7+ 47. Kc4 Rc7+ 48. Kd3 Rb7 49. Ke3 Rxb3+ 50. Kf2 Kf5 51. Ke2 Ra3 52. Kd2 Rb3
53. Kc2 Rf3 54. Kd2 Rb3 55. Kc2 Ra3 56. Kd2 Rb3 57. Ke2 Ke4 58. e6 Rb2+ 59. Kd1
Kf3 60. e7 Re2 61. Bg5 1/2-1/2

[Event "EST ch U14 2019"]
[Site "Tallinn"]
[Date "2019.04.20"]
[Round "5.14"]
[White "Padari, Tuudur Jakob"]
[Black "Rychagov, Anton"]
[Result "1/2-1/2"]
[WhiteElo "1560"]
[BlackElo "1470"]
[PlyCount "80"]
[EventDate "2019.04.18"]
[EventType "swiss"]
[EventRounds "4"]
[EventCountry "EST"]

1. d4 d5 2. c4 e6 3. Nf3 Nf6 4. Bg5 Be7 5. e3 h6 6. Bh4 O-O 7. Nc3 Nbd7 8. Be2
dxc4 9. Bxc4 c5 10. O-O b6 11. b3 Bb7 12. Qe2 Rc8 13. Rac1 Re8 14. Rfd1 Nd5 15.
Bxd5 exd5 16. Bxe7 Qxe7 17. dxc5 Rxc5 18. Rc2 Nf6 19. Nd4 Rec8 20. Rdc1 Ne4 21.
Nxe4 Rxc2 22. Rxc2 Rxc2 23. Qxc2 Qxe4 24. Qxe4 dxe4 25. Kf1 Kf8 26. Ke2 Ke7 27.
Kd2 g6 28. Kc3 a6 29. b4 Kd6 30. a3 h5 31. Ne2 a5 32. Nd4 Bd5 33. Nb5+ Kc6 34.
a4 Ba2 35. Na3 Bd5 36. Nc4 Bxc4 37. Kxc4 f5 38. h4 axb4 39. Kxb4 Kd6 40. Kb5
Kc7 1/2-1/2

[Event "EST ch U14 2019"]
[Site "Tallinn"]
[Date "2019.04.20"]
[Round "5.15"]
[White "Naestema, Joonas Aditya"]
[Black "Dukov, Vladimir"]
[Result "0-1"]
[WhiteElo "1684"]
[BlackElo "1576"]
[PlyCount "80"]
[EventDate "2019.04.18"]
[EventType "swiss"]
[EventRounds "4"]
[EventCountry "EST"]

1. e4 e6 2. d4 d5 3. Nc3 Nf6 4. e5 Nfd7 5. Nf3 c5 6. Bb5 Nc6 7. Bxc6 bxc6 8.
Ne2 cxd4 9. Nexd4 c5 10. Nb3 Ba6 11. Bd2 Qb8 12. Rb1 Nxe5 13. Nc1 Bd6 14. Nxe5
Bxe5 15. c3 O-O 16. Qg4 f5 17. Qf3 Rf6 18. Ne2 d4 19. O-O Bxh2+ 20. Kh1 Rg6 21.
Qh5 Bb7 22. f3 dxc3 23. bxc3 Bc7 24. Kg1 Bb6 25. c4 Ba6 26. Qh4 Qd8 27. Qxd8+
Rxd8 28. Rfd1 Bxc4 29. Nf4 Rf6 30. Bc3 Rxd1+ 31. Rxd1 Rf8 32. Rd6 Rd8 33. Rc6
Bb5 34. Rxe6 Re8 35. Rd6 Bc7 36. Rd5 Bxf4 37. Rxf5 Bc1 38. Kh2 Bc4 39. Rxc5
Bxa2 40. Rc7 Bf4+ 0-1

[Event "EST ch U14 2019"]
[Site "Tallinn"]
[Date "2019.04.20"]
[Round "5.17"]
[White "Kull, Tormi"]
[Black "Provodin, Aleksandr"]
[Result "1-0"]
[WhiteElo "1623"]
[BlackElo "1360"]
[PlyCount "43"]
[EventDate "2019.04.18"]
[EventType "swiss"]
[EventRounds "4"]
[EventCountry "EST"]

1. d4 d5 2. Nf3 Nf6 3. e3 e6 4. Bd3 Bd6 5. O-O O-O 6. b3 b6 7. Bb2 Nbd7 8. Nbd2
Bb7 9. Ne5 Ne4 10. f3 f6 11. Nxd7 Nxd2 12. Nxf6+ Qxf6 13. Qxd2 c5 14. f4 cxd4
15. Bxd4 Qe7 16. Qc3 Bb4 17. Qb2 Ba3 18. Qb1 g5 19. Qd1 Bc5 20. Qg4 h5 21. Qxh5
gxf4 22. Qg6+ 1-0

[Event "EST ch U14 2019"]
[Site "Tallinn"]
[Date "2019.04.20"]
[Round "6.1"]
[White "Protassov, Vlad"]
[Black "Andrijashkin, Deniss"]
[Result "1/2-1/2"]
[WhiteElo "2036"]
[BlackElo "1957"]
[PlyCount "24"]
[EventDate "2019.04.18"]
[EventType "swiss"]
[EventRounds "4"]
[EventCountry "EST"]

1. d4 g6 2. e4 Bg7 3. c4 d6 4. Nf3 Nf6 5. Nc3 O-O 6. Be2 e5 7. d5 Nbd7 8. Be3
Nc5 9. Nd2 a5 10. g4 c6 11. h4 cxd5 12. cxd5 Nfd7 1/2-1/2